Province italiane per Iniziali e Confini in 30 secondi - Statistics

Statistiche generali
  • Questo quiz è stato fatto 143 volte
  • Il punteggio medio è 89 su 107
Risposte nella Mappa
Le risposte nella mappa del quiz sottostante sono codificate secondo una scala di colori dal rosso al verde in base alla % di persone che hanno risposto correttamente.
 
Statistiche sulle risposte
Risposta % Corretto
Cremona
96%
Mantova
95%
Milano
95%
Monza e della Brianza
95%
Parma
95%
Treviso
95%
Venezia
95%
Vercelli
95%
Asti
93%
Alessandria
93%
Lucca
93%
Massa-Carrara
93%
Novara
93%
Pavia
93%
Reggio Emilia
93%
Rovigo
93%
Varese
93%
Verona
93%
Cuneo
91%
Genova
91%
La Spezia
91%
Potenza
91%
Torino
91%
Bari
89%
Brescia
89%
Napoli
89%
Padova
89%
Pordenone
89%
Trento
89%
Vicenza
89%
Belluno
88%
Benevento
88%
Bergamo
88%
Agrigento
88%
Avellino
88%
Ferrara
88%
Firenze
88%
Foggia
88%
Lodi
88%
Palermo
88%
Sondrio
88%
Caserta
86%
Chieti
86%
Cosenza
86%
Perugia
86%
Rieti
86%
Modena
86%
Roma
86%
Savona
86%
Barletta-Andria-Trani
84%
Bologna
84%
Catanzaro
84%
Frosinone
84%
L'Aquila
84%
Latina
84%
Macerata
84%
Matera
84%
Pistoia
84%
Taranto
84%
Viterbo
84%
Aosta
82%
Biella
82%
Bolzano/Bozen
82%
Como
82%
Enna
82%
Lecco
82%
Messina
82%
Udine
82%
Ascoli Piceno
81%
Caltanissetta
81%
Catania
81%
Ancona
79%
Arezzo
79%
Campobasso
79%
Crotone
79%
Verbano-Cusio-Ossola
79%
Grosseto
79%
Isernia
79%
Pisa
79%
Prato
79%
Reggio Calabria
79%
Salerno
79%
Siena
79%
Vibo Valentia
79%
Imperia
77%
Ragusa
77%
Siracusa
77%
Trapani
77%
Piacenza
75%
Teramo
75%
Ravenna
74%
Sud Sardegna
74%
Brindisi
72%
Cagliari
72%
Forlì-Cesena
70%
Livorno
68%
Pesaro e Urbino
68%
Terni
68%
Fermo
67%
Gorizia
67%
Lecce
67%
Nuoro
67%
Oristano
67%
Pescara
65%
Rimini
65%
Sassari
65%
Trieste
60%
Nessun quiz corrispondente trovato
Distribuzione punteggi
Percentuale di utenti per punteggio
Percentile per numero di risposta
I tuoi punteggi nel tempo
Non hai fatto questo quiz